MARC

LEADER 00000nam0a2200000 4500
001 20878
005 20231101205401.0
035 |a (RuTPU)RU\TPU\book\21068 
035 |a BOOK00000053 
090 |a 20878 
100 |a 20011209d1961 km y0rusy50 ca 
101 0 |a rus 
102 |a RU 
105 |a a z 001zy 
200 1 |a История математики в древности  |f Э. Я. Кольман  |g Академия наук СССР, Институт истории естествознания и техники им. С. И. Вавилова (ИИЕТ АН СССР) 
210 |a Москва  |c Физматлит  |d 1961 
215 |a 235 с.  |c ил. 
225 1 |a Математика до эпохи Возрождения 
320 |a Библиогр.: с. 225-230 
488 1 |0 (RuTPU)RU\TPU\book\37137  |t История математики от Декарта до середины XIX столетия  |o пер. с нем.  |f Г. Вилейтнер  |c Москва  |n Физматгиз  |d 1960  |p 467 с. 
488 1 |0 (RuTPU)RU\TPU\book\21454  |t История математики в средние века  |f А. П. Юшкевич  |c Москва  |n Физматлит  |d 1961  |p 448 с.  |s Математика до эпохи Возрождения  |a Юшкевич, Адольф Павлович 
606 1 |a Математика  |x История  |2 stltpush  |3 (RuTPU)RU\TPU\subj\67385  |9 83209 
610 1 |a естествознание 
610 1 |a древний мир 
610 1 |a античность 
610 1 |a Греция 
610 1 |a Рим 
675 |a 51(09)  |v 3 
700 1 |a Кольман  |b Э. Я.  |g Эрнест Яромирович 
712 0 2 |a Академия наук СССР  |b Институт истории естествознания и техники им. С. И. Вавилова (ИИЕТ АН СССР)  |c (Москва)  |2 stltpush  |3 (RuTPU)RU\TPU\col\8662 
801 0 |a RU  |b 63413507  |c 20011209  |g PSBO 
801 2 |a RU  |b 63413507  |c 20221103  |g PSBO 
942 |c BK